000 00489nam a2200181Ia 4500
005 20240604094429.0
008 131103s9999 xx 000 0 und d
040 _aLoreto College
041 _aEnglish
082 _a530
_bGUE
100 _aGuerrier, Dennis
245 _aDiscovering with Galileo
_b and the laws of acceleration
_cDennis Guerrier
260 _a[s.l]
_bBlond educational
_c[19?]
300 _a71p.
_b ill,picture.
650 _aPhysics
850 _aLCBED
942 _cBK
999 _c28181
_d78660